| 000 | 01527nam a2200205Ia 4500 | ||
|---|---|---|---|
| 001 | 12385 | ||
| 003 | GE_BSU | ||
| 008 | 181216s||||||||xx |||||||||||||| ||und|| | ||
| 040 | _cGE_BSU | ||
| 080 | _a34(479.22)(093) | ||
| 245 | _aქართული სამართლის ძეგლები. 1.ხელმწიფის კარის გარიგება. 2.დასტურლამალი.=Памятники Грузинского права. 1.Распорядок царского двора. 2.Дастурламали. | ||
| 245 | _cტექსტები გამოსაცემად მოამზადა,გამოკვლევები,ლექსიკონი და საძიებელი დაურთო ი.სურგულაძემ; რედ:შოთა მესხია; მხატვ:ვლადიმერ გრიგოლია. | ||
| 260 | _aთბილისი. | ||
| 260 | _bსაბჭოთა საქართველო. | ||
| 260 | _c1970 | ||
| 300 | _a899გვ;26სმ. | ||
| 300 | _bლექსიკონი გვ:841-872; საძიებლები გვ:871-998. | ||
| 653 | _aქართული სამართლის ძეგლები. 1.ხელმწიფის კარის გარიგება. 2.დასტურლამალი.=Памятники Грузинского права. 1.Распорядок царского двора. 2.Дастурламали. | ||
| 942 | _cBK | ||
| 999 |
_c45559 _d45559 |
||